| 000 | 00487nam a22001697a 4500 | ||
|---|---|---|---|
| 005 | 20251108164904.0 | ||
| 008 | 250721s1988 xx 000 0 ara d | ||
| 082 | 1 | 4 | _a956.513/ظاه |
| 100 | 1 | _aظاهر، أحمد | |
| 245 | 1 | 0 |
_aأغوار الأردن : _bعمليات التغيير و أداة التطوير / |
| 264 |
_bدار ابن رشد، _c1988. |
||
| 300 | _a420ص | ||
| 650 | 1 | 7 | _aوادي الأردن |
| 650 | 1 | 7 | _aالأردن |
| 942 |
_2ddc _cBK |
||
| 999 |
_c16752 _d16752 |
||